15 dessins animes issus de 15 pays différents en images - Statistiques

Statistiques générales
  • Ce quiz a été pris 110 fois
  • Le résultat moyen est 8 sur 15
Statistiques - réponses
Par images Hint Réponse % Correct
Japon Naruto
99%
Belgique Les Aventures de Tintin
95%
Royaume-Uni Peppa Pig
92%
France Code Lyoko
88%
Canada PAW Patrol : La Pat' Patrouille
87%
Russie Macha et l'ours
73%
Corée du Sud Robocar Poli
53%
Australie Bluey
52%
États-Unis Futurama
49%
Argentine Mafalda
28%
Suisse Arc-en-ciel le plus beau poisson des océans
27%
Allemagne Simsala Grimm
16%
Italie Angel's Friends
14%
Espagne Pocoyo
9%
Chine Lord of Mysteries
6%
Aucun quiz correspondant
Distribution des résultats
% des personnes avec chaque résultat
Percentile par nombre de réponses
Votre historique - résultats
Vous n’avez pas pris ce quiz